| 000 | 00637nam a22002293a 4500 | ||
|---|---|---|---|
| 001 | 8271 | ||
| 003 | BD-RjUL | ||
| 005 | 20211208234545.0 | ||
| 008 | 140118s1972 ne 00| 0 eng d | ||
| 020 | _a0720402336 | ||
| 035 | _a(BD-RjUL)8316 | ||
| 040 |
_aBD-RjUL _beng _cBD-RjUL _dBD-RjUL |
||
| 041 | _aeng | ||
| 082 |
_bBRM 1972 _a535.84 |
||
| 100 | 1 |
_aBrown, G. E. _q(Gerald Edward), _d1926- _925800 |
|
| 245 | 1 | 0 |
_aMany-body problems / _c G. E. Brown, |
| 260 |
_aAmsterdam ; _alondon: _c1972. _bnorth holand pub.com. |
||
| 300 |
_c22 cm. _a232p.: |
||
| 504 | _aincludes index | ||
| 650 | 0 |
_aMany-body problem. _925801 |
|
| 942 |
_2ddc _cBK |
||
| 999 |
_c8271 _d8271 |
||